Normal view
MARC view
- Belanger, Pierre
Entry Personal Name
001 - CONTROL NUMBER
- control field: 106601
003 - CONTROL NUMBER IDENTIFIER
- control field: NUST
005 - DATE AND TIME OF LATEST TRANSACTION
- control field: 20230102120236.0
008 - FIXED-LENGTH DATA ELEMENTS
- fixed length control field: 230102|| aca||aabn | a|a d
040 ## - CATALOGING SOURCE
- Original cataloging agency: NUST
- Transcribing agency: NUST
100 ## - HEADING--PERSONAL NAME
- Personal name: Belanger, Pierre
670 ## - SOURCE DATA FOUND
- Source citation: Work cat.: (NUST)183861: Belanger, Pierre., Control engineering :, c1995.
